"L. T. Hobhouse, sociologist" (Record no. 691444)

MARC details
000 -LEADER
fixed length control field 00637nam a2200229Ia 4500
003 - CONTROL NUMBER IDENTIFIER
control field OSt
005 - DATE AND TIME OF LATEST TRANSACTION
control field 20220927105232.0
008 - FIXED-LENGTH DATA ELEMENTS--GENERAL INFORMATION
fixed length control field 220926b |||||||| |||| 00| 0 eng d
037 ## - SOURCE OF ACQUISITION
Terms of availability Reference Collections
040 ## - CATALOGING SOURCE
Original cataloging agency RTL
Transcribing agency RTL
Language of cataloging eng
041 ## - LANGUAGE CODE
Source of code eng
Language code of text/sound track or separate title eng
100 ## - MAIN ENTRY--PERSONAL NAME
Personal name Owen John E.
9 (RLIN) 371221
245 #0 - TITLE STATEMENT
Title "L. T. Hobhouse, sociologist"
260 ## - PUBLICATION, DISTRIBUTION, ETC.
Place of publication, distribution, etc. London
Name of publisher, distributor, etc. Nelson and Sons Ltd.
Date of publication, distribution, etc. 1974
300 ## - PHYSICAL DESCRIPTION
Extent "xiii,225p"
Dimensions cm.
942 ## - ADDED ENTRY ELEMENTS (KOHA)
Classification part "YxM64H:g, L4/SC"
Koha item type

No items available.

Copyright @ Delhi University Library System